000 00444nam a2200181Ia 4500
001 3780
005 20260306145708.0
008 260306t2001||||xx |||||||||||||| ||spa||
041 _aESP
082 _a303.4
_bH37
100 _aHeld, David
_eAUT
245 0 _aTransformaciones globales:
_bpolítica, economía y cultura
260 _c2001
300 _a648 páginas :
_c24 cm.
650 _aGEN
654 _aCHU
942 _cLIB
_dJUS
_fJUS
_2ddc
_n
999 _c3780
_d3780